MARC details
| 000 -CABECERA |
| campo de control de longitud fija |
00778nam a2200193 a 4500 |
| 001 - NÚMERO DE CONTROL |
| campo de control |
000041170 |
| 005 - FECHA Y HORA DE LA ÚLTIMA TRANSACCIÓN |
| campo de control |
20201002034657.0 |
| 008 - DATOS DE LONGITUD FIJA--INFORMACIÓN GENERAL |
| campo de control de longitud fija |
130920s1987 sp 000 0 spa d |
| 020 ## - NÚMERO INTERNACIONAL ESTÁNDAR DEL LIBRO |
| Número Internacional Estándar del Libro |
8400065204 |
| 040 ## - FUENTE DE LA CATALOGACIÓN |
| Centro catalogador/agencia de origen |
DO-SdBNP |
| Lengua de catalogación |
spa |
| Centro/agencia transcriptor |
BNPHU |
| 100 1# - ENTRADA PRINCIPAL--NOMBRE DE PERSONA |
| Nombre de persona |
Naranjo Orovio, Consuelo. |
| 9 (RLIN) |
15153 |
| 245 10 - MENCIÓN DE TÍTULO |
| Título |
Cuba vista por el emigrante Español a la isla, 1900-1959 : |
| Resto del título |
un ensayo de historia oral / |
| Mención de responsabilidad, etc. |
por Consuelo Naranjo Orovio. |
| 260 ## - PUBLICACIÓN, DISTRIBUCIÓN, ETC. |
| Lugar de publicación, distribución, etc. |
Madrid : |
| Nombre del editor, distribuidor, etc. |
Centro de Estudios Históricos., |
| Fecha de publicación, distribución, etc. |
1987. |
| 300 ## - DESCRIPCIÓN FÍSICA |
| Extensión |
164 p. ; |
| Dimensiones |
21 cm. |
| 490 1# - MENCIÓN DE SERIE |
| Mención de serie |
Anexos de Revista de Indias |
| Designación de volumen o secuencia |
3 |
| 710 2# - PUNTO DE ACCESO ADICIONAL--NOMBRE DE ENTIDAD CORPORATIVA |
| Nombre de entidad corporativa o nombre de jurisdicción como elemento de entrada |
Centro de Estudios Histórico. Departamento de Historia Medieval |
| 9 (RLIN) |
67730 |
| 710 2# - PUNTO DE ACCESO ADICIONAL--NOMBRE DE ENTIDAD CORPORATIVA |
| Nombre de entidad corporativa o nombre de jurisdicción como elemento de entrada |
Consejo Superior de Investigaciones Sientíficas (España) |
| 9 (RLIN) |
63726 |
| 830 #0 - PUNTO DE ACCESO ADICIONAL DE SERIE-TÍTULO UNIFORME |
| Título uniforme |
Anexos de Revista de Indias |
| Designación de volumen o secuencia |
3 |
| 9 (RLIN) |
41145 |